000 01789cad a22002535a 4500
001 L147260
008 090422s2009 xxko f 000 0 eng u
020 _a9781847268389
035 _a(Sirsi) u147260
041 _aeng
050 0 4 _a363.325 $2 22
110 1 _aUnited Kingdom
_bHome Office
_94882
245 0 0 _aSafer places
_ba counter terrorism supplement: a consultation document
_h[electronic resource]
260 _aLondon
_bHome Office
_c2009
505 2 _aScope of the consultation -- Basic information -- Background -- Ministerial foreword -- Section 1: The role of counter terrorism in creating safer places -- Section 2: Counter terrorism and urban design principles -- Section 3: How to respond to the consultation -- Annexes
520 _aIn view of the high level of threat of terrorism, the Government published the draft guidance "Working together to protect crowded places" and this supplement. This consultation paper seeks views of those involved in the built environment, from planning to development, in regard to the Government's plan of action to counter terrorism. Provides information on how counter-terrorism measures can be integrated into planning developments. Presents the roles of key partners in helping reduce vulnerability of crowded places. This draft guidance is accompanied by the document "Working together to protect crowded places" (see L147259).
520 _aResponses to this consultation must be received by 10 July 2009.
521 _aAdvanced
590 _aKA NTK
651 4 _aEngland
_y886-
690 _aMANAGEMENT-HEALTH AND SAFETY-PUBLIC HEALTH AND SAFETY
856 4 0 _uhttps://www.homeoffice.gov.uk/documents/cons-2009-crowded-places/
_zView the consultation document free of charge at www.homeoffice.gov.uk...
942 _n0
999 _c109499
_d109499